[Event "Buenos Aires Masters op"]
[Site "Buenos Aires"]
[Date "2023.06.19"]
[Round "8"]
[White "Aberbach Peltzman, Angel Sergio"]
[Black "Rodriguez Nava, Adrian Alberto"]
[Result "1/2-1/2"]
[WhiteElo "1811"]
[BlackElo "1682"]
[PlyCount "118"]
[EventDate "2023.06.14"]
[EventType "swiss"]
[EventRounds "9"]
[EventCountry "ARG"]
[SourceTitle "CBM 215 Extra"]
[Source "ChessBase"]
[SourceDate "2023.09.30"]
[SourceVersion "1"]
[SourceVersionDate "2023.09.30"]
[SourceQuality "1"]

1. d4 Nf6 2. Nc3 c5 3. d5 d6 4. e4 g6 5. Be2 Bg7 6. h4 h5 7. Bg5 Qb6 8. Bd2 0-0 9. f3 e6 10. Nh3 exd5 11. exd5 Re8 12. Nf4 Bf5 13. Rb1 Na6 14. a3 Nc7 15. Kf1 a6 16. Bc4 Qa7 17. a4 b5 18. axb5 axb5 19. Nxb5 Nxb5 20. Bxb5 Qa2 21. Bxe8 Rxe8 22. Kf2 Nxd5 23. Nxd5 Qxd5 24. Bc3 Qc4 25. Bxg7 Kxg7 26. Qd2 Qxc2 27. Qxc2 Bxc2 28. Rbc1 Bd3 29. Rhd1 c4 30. b3 d5 31. bxc4 dxc4 32. Re1 Rb8 33. g4 hxg4 34. fxg4 Rb2+ 35. Kg3 Rb3 36. Re3 Rb5 37. Rc3 Rd5 38. Ra3 Rd4 39. Ra7 Be4 40. Rc7 Rd3 41. Kf4 Rxe3 42. Kxe3 Bd3 43. Kf4 Bb1 44. Kg5 Ba2 45. h5 gxh5 46. gxh5 c3 47. h6+ Kh7 48. Rxc3 Be6 49. Rc2 Bb3 50. Rb2 Be6 51. Kf6 Bc4 52. Rg2 Bd5 53. Rg7+ Kxh6 54. Rg5 Be6 55. Ra5 Kh7 56. Rh5+ Kg8 57. Rc5 Bb3 58. Rc3 Be6 59. Rg3+ Kh7 1/2-1/2

[Event "Vicente Lopez ProAm 100 Years op"]
[Site "Buenos Aires"]
[Date "2022.10.15"]
[Round "5"]
[White "Rodriguez Nava, Adrian Alberto"]
[Black "Cisneros, German"]
[Result "0-1"]
[WhiteElo "1735"]
[BlackElo "1919"]
[PlyCount "114"]
[EventDate "2022.10.11"]
[EventType "swiss"]
[EventRounds "9"]
[EventCountry "ARG"]
[SourceTitle "CBM 210 Extra"]
[Source "ChessBase"]
[SourceDate "2022.11.30"]
[SourceVersion "1"]
[SourceVersionDate "2022.11.30"]
[SourceQuality "1"]

1. e4 c5 2. Nf3 d6 3. d4 cxd4 4. Nxd4 Nf6 5. Nc3 a6 6. Be2 e5 7. Nb3 Be7 8. Be3 Be6 9. g4 d5 10. exd5 Nxd5 11. Nxd5 Bxd5 12. Rg1 Nc6 13. Qd2 Nb4 14. a3 Bxb3 15. Qxd8+ Rxd8 16. axb4 Bxb4+ 17. c3 Be7 18. Bf3 Bd5 19. Bxd5 Rxd5 20. Ke2 0-0 21. c4 Rd7 22. Rad1 Rfd8 23. Bb6 Rxd1 24. Rxd1 Rxd1 25. Kxd1 g6 26. Ke2 f5 27. h3 Kf7 28. f3 Ke6 29. Kd3 Kd6 30. b3 Kc6 31. Bf2 b5 32. Ba7 Bd6 33. Bg1 h5 34. gxh5 gxh5 35. Bf2 Bc5 36. Bg3 Bd4 37. f4 exf4 38. Bxf4 Bf6 39. cxb5+ Kxb5 40. Bd2 Kc6 41. Be1 Be5 42. Bd2 Kd5 43. Ba5 Bg3 44. Ke3 f4+ 45. Kf3 Kd4 46. Bb4 Kd3 47. Bd6 Kc3 48. b4 Kc4 49. Ke4 Bh2 50. Be7 Kc3 51. Bd6 f3 52. Bc5 f2 53. Bxf2 Kxb4 54. Bd4 a5 55. Kf5 h4 56. Ke4 a4 57. Kd3 Kb3 0-1